000 00934nam a22003251 4500
001 000921273
003 DO-SdBPM
005 20251217123911.0
007 ta
008 900725s1988 sp spa
017 _a
_b
020 _a8432091146
035 _a
040 _aDO-SdBPM
_bspa
_cBPMSU
_erda
080 0 _a
082 4 _a813.4
_bC63A 1988
_222
100 1 _aCody, William Frederick,
_d1846-1917.
_4aut.
_eautor
245 1 0 _aBúfalo Bill /
_cWilliam Frederick Cody
264 _aBarcelona :
_bPlaneta,
_c1988
300 _a166 páginas :
_b23 cm.
336 _atexto
_btxt
_2rdacontent
337 _asin mediación
_bn
_2rdamedia
338 _avolumen
_bnc
_2rdacarrier
490 0 _aBiblioteca mundial de grandes aventuras
_v
590 _aInventariado, 2025/VM
650 7 _aNovela de aventuras
650 7 _aNovela estadounidense
910 _aVMateo V. Control de calidad. BPMSU
942 _2ddc
_cBK
999 _c9155
_d9155